Score 0/21 Timer 06:00
9 Plays Today
Main 'Ingredients' What Is It? % Correct
Lyrics
Melody
Rhythm
Harmony
A Song
98.3%
Script
Actors
Budget
Location
A Movie or Show
96.7%
Two all-beef patties
Special Sauce
Lettuce
Cheese
A Big Mac
94.8%
Theme
Plot
Setting
Characters
A Story
94.4%
Fluoride
Abrasives
Detergent
Minty Flavor
Tooth Paste
91.8%
Motor
Blade
Wheels
Grass catcher
A Lawn Mower
91.4%
Graham Cracker
Marshmallow
Chocolate
Fire
S'Mores
91.2%
Egg
Sperm
Chemistry
(About 30 seconds)
A Baby
91.1%
Pellet hops
Malt Extract
Brewers yeast
Bottles
Beer
88.8%
Vinegar
Baking Soda
Red food coloring
Paper mâché mountain
A Volcano
87.6%
Gin
Olive
Toothpick
Vermouth
Martini
87.1%
Main 'Ingredients' What Is It? % Correct
Host
Content
DNS Record
Domain Name
A Website
82.5%
Nori
Wasabi
Cooked rice
Julienne of carrot
Sushi (Makizushi)
80.7%
Majority Rule
Power to the people
Competitive elections
Freedom and equality for all
A Democracy
69.9%
Witness
Executor
Beneficiary
Guardian
A Will
67.2%
Executive Summary
Market Analysis
Financing Details
Organizational Structure
A Business Plan
60.6%
Milk
Eggs
Sugar
Nutmeg
Egg Nog
57.8%
Sugar
Cocoa Butter
Cocoa Liquor
Vanilla
Chocolate
46.5%
Sheep's heart, liver, lungs
Onion and Spices
Oatmeal
Suet
Haggis
46.4%
Large eggplants
Ground beef or lamb
Kefalotyri cheese
Béchamel sauce
Moussaka
21.4%
Lead
Second
Vice
Skip
A Curling Team
10.6%
Remove Ads.
Support Sporcle.
Get the best of Sporcle when you Go Orange. This ad-free experience offers more features, more stats, and more fun while also helping to support Sporcle. Thank you for becoming a member.

You're not logged in!

Compare scores with friends on all Sporcle quizzes.
OR
Log In

Show Comments

Extras

Top Quizzes Today


Score Distribution

Your Account Isn't Verified!

In order to create a playlist on Sporcle, you need to verify the email address you used during registration. Go to your Sporcle Settings to finish the process.

Report this User

Report this user for behavior that violates our Community Guidelines.

Details: